000 00425nam a22001691a 4500
082 _aM3 (FTr.)
_bNAG/K
100 _aNaguib Mahfouz
245 _aKottara theruvu/
_cby Naguib Mahfouz
260 _aPala:
_bSahrudaya,
_c1999.
300 _a382p.
650 _aTranslation Egyptian Novel
650 _aNovel Malayalam
650 _aLiterature Malayalam
650 _aLiterature
700 _aSuhara B M (tr.)
942 _cBK
999 _c24516
_d24516